[Event "Ruhrgebiet Regionalliga 1415"]
[Site "Germany"]
[Date "2015.02.22"]
[Round "6.6"]
[White "Schaller, Torsten"]
[Black "Schippan, Bernhard"]
[Result "1/2-1/2"]
[WhiteElo "2041"]
[BlackElo "2135"]
[PlyCount "71"]
[EventDate "2014.09.28"]
[EventType "team-tourn"]
[EventRounds "9"]
[EventCountry "GER"]
[SourceTitle "EXT 2022"]
[Source "ChessBase"]
[SourceDate "2021.10.06"]
[SourceVersion "1"]
[SourceVersionDate "2021.10.06"]
[SourceQuality "1"]
[WhiteTeam "Welper SV"]
[BlackTeam "Herne Sodingen"]
[WhiteTeamCountry "GER"]
[BlackTeamCountry "GER"]

1. d4 Nf6 2. c4 g6 3. Nc3 Bg7 4. e4 d6 5. h3 0-0 6. Bg5 c5 7. d5 b5 8. cxb5 Qa5 9. Bd3 a6 10. bxa6 Bxa6 11. Nf3 Nbd7 12. 0-0 Rfb8 13. Rb1 h6 14. Be3 Ne8 15. Qe2 Nc7 16. Rfc1 Nb5 17. Nxb5 Bxb5 18. Bd2 Qa6 19. Bxb5 Qxb5 20. Qxb5 Rxb5 21. b4 Rxa2 22. bxc5 Rxc5 23. Be3 Rxc1+ 24. Rxc1 Ra4 25. Rc8+ Nf8 26. Nd2 g5 27. Rc4 Ra1+ 28. Kh2 Ng6 29. Bd4 Ra2 30. Bxg7 Kxg7 31. Rd4 Nf4 32. g3 Ne2 33. Rd3 Nc1 34. Rd4 Ne2 35. Rd3 Nc1 36. Rd4 1/2-1/2

[Event "Ruhrgebiet Regionalliga 1415"]
[Site "Germany"]
[Date "2014.12.21"]
[Round "4.6"]
[White "Schippan, Bernhard"]
[Black "Schmidt, Ingo"]
[Result "1-0"]
[WhiteElo "2135"]
[BlackElo "1974"]
[PlyCount "73"]
[EventDate "2014.09.28"]
[EventType "team-tourn"]
[EventRounds "9"]
[EventCountry "GER"]
[SourceTitle "EXT 2022"]
[Source "ChessBase"]
[SourceDate "2021.10.06"]
[SourceVersion "1"]
[SourceVersionDate "2021.10.06"]
[SourceQuality "1"]
[WhiteTeam "Herne Sodingen"]
[BlackTeam "Hamm Koenigsspringer"]
[WhiteTeamCountry "GER"]
[BlackTeamCountry "GER"]

1. e4 e5 2. Nf3 Nc6 3. d4 exd4 4. Nxd4 Bc5 5. Nxc6 Qf6 6. Qf3 dxc6 7. Nc3 Qxf3 8. gxf3 Be6 9. Rg1 g6 10. Be3 Bxe3 11. fxe3 0-0-0 12. Be2 Ne7 13. Rd1 Rxd1+ 14. Kxd1 f6 15. Kc1 Rd8 16. f4 Rg8 17. h4 h6 18. h5 gxh5 19. Rxg8+ Bxg8 20. Bxh5 Kd7 21. Ne2 c5 22. Ng3 Kd6 23. a3 b6 24. Kd2 a5 25. Ke2 c4 26. c3 Bh7 27. Kf3 c5 28. Bf7 b5 29. Be8 b4 30. Bf7 Bg8 31. Bxg8 Nxg8 32. Nf5+ Kc6 33. a4 Kd7 34. Kg4 Kc6 35. Kh5 Kd7 36. Kg6 Ke6 37. Kg7 1-0

[Event "Ruhrgebiet Regionalliga 1415"]
[Site "Germany"]
[Date "2014.09.28"]
[Round "1.5"]
[White "Schippan, Bernhard"]
[Black "Steinmetzer, Thomas"]
[Result "0-1"]
[WhiteElo "2135"]
[BlackElo "2123"]
[PlyCount "90"]
[EventDate "2014.09.28"]
[EventType "team-tourn"]
[EventRounds "9"]
[EventCountry "GER"]
[SourceTitle "EXT 2022"]
[Source "ChessBase"]
[SourceDate "2021.10.06"]
[SourceVersion "1"]
[SourceVersionDate "2021.10.06"]
[SourceQuality "1"]
[WhiteTeam "Herne Sodingen"]
[BlackTeam "Brackel SF"]
[WhiteTeamCountry "GER"]
[BlackTeamCountry "GER"]

1. e4 e5 2. f4 exf4 3. Nf3 d5 4. exd5 Nf6 5. Bb5+ c6 6. dxc6 bxc6 7. Bc4 Bd6 8. Qe2+ Qe7 9. Qxe7+ Bxe7 10. d4 Nh5 11. 0-0 Ba6 12. Bxa6 Nxa6 13. Re1 Nb4 14. Na3 f6 15. Bd2 a5 16. Re4 Kf7 17. Bxf4 Nxf4 18. Rxf4 Nd5 19. Re4 Bxa3 20. bxa3 Rhe8 21. Ree1 Rxe1+ 22. Rxe1 Rb8 23. c4 Nc3 24. Re3 Rb1+ 25. Ne1 Nxa2 26. Kf2 Rc1 27. c5 Nc3 28. Rh3 h6 29. Nf3 Rc2+ 30. Kf1 a4 31. Ne1 Rc1 32. Rd3 f5 33. Re3 Nb5 34. Rd3 Ke6 35. Kf2 Kd5 36. Nf3 Ra1 37. Re3 Rxa3 38. Re5+ Kc4 39. Re6 Ra2+ 40. Ke3 g5 41. Rxc6 f4+ 42. Ke4 Re2+ 43. Kf5 a3 44. Ra6 Rxg2 45. c6 a2 0-1

[Event "GER-chA Seniors 26th"]
[Site "Bad Neuenahr"]
[Date "2014.08.05"]
[Round "1"]
[White "Schippan, Bernhard"]
[Black "Hund, Gerhard"]
[Result "1/2-1/2"]
[WhiteElo "2249"]
[BlackElo "2059"]
[PlyCount "58"]
[EventDate "2014.08.05"]
[EventType "swiss"]
[EventRounds "9"]
[EventCountry "GER"]
[SourceTitle "EXT 2018"]
[Source "ChessBase"]
[SourceDate "2017.10.13"]
[SourceVersion "1"]
[SourceVersionDate "2017.10.13"]
[SourceQuality "1"]

1. e4 c5 2. Nf3 b6 3. Nc3 Bb7 4. Bc4 e6 5. 0-0 g6 6. d3 Bg7 7. Bg5 f6 8. Be3 Ne7 9. d4 cxd4 10. Nxd4 0-0 11. Qe2 Nbc6 12. Rad1 Nxd4 13. Rxd4 Qc8 14. Rfd1 Bc6 15. f4 Kh8 16. Nb5 d5 17. exd5 Bxb5 18. Bxb5 Nxd5 19. Bc1 Qc5 20. Kh1 f5 21. Ra4 Rfd8 22. Re1 Nc7 23. Bd3 b5 24. Be3 Qc6 25. Rxa7 Rxa7 26. Bxa7 Bxb2 27. Qf2 Bc3 28. Rf1 b4 29. Qc5 Qxc5 1/2-1/2

[Event "NRW Class2 1314"]
[Site "Germany"]
[Date "2014.02.02"]
[Round "6.6"]
[White "Schippan, Bernhard"]
[Black "Schulze, Marc Andre"]
[Result "1/2-1/2"]
[WhiteElo "2181"]
[BlackElo "2058"]
[PlyCount "112"]
[EventDate "2013.09.15"]
[EventType "team-tourn"]
[EventRounds "9"]
[EventCountry "GER"]
[SourceTitle "EXT 2015"]
[Source "ChessBase"]
[SourceDate "2014.11.20"]
[SourceVersion "1"]
[SourceVersionDate "2014.11.20"]
[SourceQuality "1"]
[WhiteTeam "Herne Sodingen"]
[BlackTeam "Plettenberg"]
[WhiteTeamCountry "GER"]
[BlackTeamCountry "GER"]

1. e4 c5 2. b3 Nc6 3. Bb2 a6 4. Nf3 d6 5. Be2 Nf6 6. d3 e6 7. 0-0 Be7 8. Nbd2 0-0 9. d4 d5 10. exd5 exd5 11. c4 Bf5 12. Re1 Nb4 13. a3 Nd3 14. Bxd3 Bxd3 15. Ne5 Bf5 16. dxc5 Bxc5 17. b4 Qb6 18. Qf3 Be4 19. Nxe4 dxe4 20. Qe2 Be7 21. c5 Qe6 22. Qc4 Qf5 23. h3 Rac8 24. Rad1 Rc7 25. Qe2 a5 26. Ng4 Re8 27. Bxf6 Bxf6 28. Nxf6+ Qxf6 29. Rd6 Qc3 30. Red1 Rcc8 31. Rd7 axb4 32. Rxb7 bxa3 33. Qa2 Rf8 34. Rdd7 Qc1+ 35. Kh2 Qf4+ 36. g3 Qf3 37. Ra7 Qf5 38. Rd5 Qe6 39. Rxa3 Rc7 40. Ra6 Qe7 41. Qa3 Rfc8 42. Rad6 h6 43. Qe3 Kh7 44. Qd4 f6 45. h4 Re8 46. Qe3 Qf7 47. Qf4 Rce7 48. Qf5+ Qg6 49. Qxg6+ Kxg6 50. h5+ Kf7 51. c6 Rc8 52. Rd4 Rcc7 53. Kh3 e3 54. fxe3 Rxe3 55. Rd7+ Re7 56. R7d6 Re6 1/2-1/2

[Event "NRW Class2 1213"]
[Site "Germany"]
[Date "2013.04.07"]
[Round "8.2"]
[White "Naundorf, Maik"]
[Black "Schippan, Bernhard"]
[Result "1/2-1/2"]
[WhiteElo "2062"]
[BlackElo "2148"]
[PlyCount "39"]
[EventDate "2012.09.16"]
[EventType "team-tourn"]
[EventRounds "9"]
[EventCountry "GER"]
[SourceTitle "EXT 2017"]
[Source "ChessBase"]
[SourceDate "2016.10.25"]
[SourceVersion "1"]
[SourceVersionDate "2016.10.25"]
[SourceQuality "1"]
[WhiteTeam "Iserlohn Koenigsspringer"]
[BlackTeam "Herne Sodingen"]
[WhiteTeamCountry "GER"]
[BlackTeamCountry "GER"]

1. Nf3 Nf6 2. c4 g6 3. g3 Bg7 4. Bg2 0-0 5. 0-0 d6 6. d4 c5 7. dxc5 dxc5 8. Ne5 Nfd7 9. Nd3 Nc6 10. Nc3 Nce5 11. Nxe5 Nxe5 12. Qb3 Nc6 13. Be3 Nd4 14. Bxd4 cxd4 15. Rfd1 Bd7 16. Qxb7 Rb8 17. Qxa7 Rxb2 18. Nb5 Bxb5 19. cxb5 Rxb5 20. a4 1/2-1/2

[Event "GER-chT Seniors 21st"]
[Site "Berlin"]
[Date "2012.09.15"]
[Round "6.8"]
[White "Walkewitz, Hubert"]
[Black "Schippan, Bernhard"]
[Result "1-0"]
[WhiteElo "2054"]
[BlackElo "2193"]
[PlyCount "119"]
[EventDate "2012.09.10"]
[EventType "team-swiss"]
[EventRounds "7"]
[EventCountry "GER"]
[SourceTitle "CBM 150 Extra"]
[Source "ChessBase"]
[SourceDate "2012.10.19"]
[SourceVersion "1"]
[SourceVersionDate "2012.10.19"]
[SourceQuality "1"]
[WhiteTeam "Brandenburg"]
[BlackTeam "NRW Seniors"]
[WhiteTeamCountry "GER"]
[BlackTeamCountry "GER"]

1. d4 Nf6 2. Nf3 g6 3. g3 Bg7 4. Bg2 0-0 5. 0-0 d6 6. b3 a5 7. c4 e5 8. dxe5 Nfd7 9. Nc3 dxe5 10. Bg5 Qe8 11. Nd5 Na6 12. Be7 c6 13. Bxf8 Qxf8 14. Nc3 e4 15. Nxe4 Bxa1 16. Qxa1 Nac5 17. Ned2 Qg7 18. Qc1 Nf6 19. Qc3 Bf5 20. Qe5 Ne6 21. h3 Nd7 22. Qd6 Nec5 23. e4 Be6 24. e5 Qf8 25. Qd4 Qe7 26. Re1 Nb6 27. Qc3 Qd7 28. Qe3 Qe7 29. Nd4 Ncd7 30. f4 h5 31. Ne4 Nc8 32. Rd1 Kg7 33. c5 Bd5 34. Nd6 Kg8 35. Bxd5 cxd5 36. Qc3 Nf8 37. Qf3 Nxd6 38. cxd6 Qd7 39. Kh2 h4 40. g4 Ne6 41. Nxe6 fxe6 42. f5 a4 43. b4 Rf8 44. f6 Rc8 45. Qd3 Kf7 46. Qd2 Qb5 47. Re1 Qb6 48. Rf1 d4 49. Rg1 d3 50. Qxd3 Qf2+ 51. Rg2 Qf4+ 52. Kh1 Qxe5 53. d7 Rd8 54. g5 Qd5 55. Qxd5 exd5 56. Rg4 Rxd7 57. Rxh4 Ke6 58. Rd4 Ke5 59. Rd1 Kf4 60. f7 1-0

[Event "GER-chT Seniors 21st"]
[Site "Berlin"]
[Date "2012.09.12"]
[Round "3.20"]
[White "Schippan, Bernhard"]
[Black "Thormann, Wolfgang"]
[Result "1/2-1/2"]
[WhiteElo "2193"]
[BlackElo "2200"]
[PlyCount "59"]
[EventDate "2012.09.10"]
[EventType "team-swiss"]
[EventRounds "7"]
[EventCountry "GER"]
[SourceTitle "CBM 150 Extra"]
[Source "ChessBase"]
[SourceDate "2012.10.19"]
[SourceVersion "1"]
[SourceVersionDate "2012.10.19"]
[SourceQuality "1"]
[WhiteTeam "NRW Seniors"]
[BlackTeam "Berlin Seniors"]
[WhiteTeamCountry "GER"]
[BlackTeamCountry "GER"]

1. e4 Nc6 2. Nf3 d6 3. d4 Nf6 4. Nc3 Bg4 5. Be2 e6 6. 0-0 Be7 7. d5 exd5 8. exd5 Nb8 9. Nd4 Bxe2 10. Qxe2 0-0 11. Nf5 Re8 12. Qf3 Qd7 13. Bg5 Bd8 14. Rae1 Na6 15. a3 Kf8 16. Re3 Ng8 17. Bxd8 Raxd8 18. Rfe1 Rxe3 19. Rxe3 Re8 20. Nd4 Rxe3 21. Qxe3 Nb8 22. Nb3 b6 23. Nd4 Nf6 24. h3 Qe8 25. Qxe8+ Nxe8 26. f4 g6 27. Kf2 Ke7 28. Kf3 a6 29. g4 h6 30. h4 1/2-1/2

[Event "GER-ch Seniors"]
[Site "Dresden"]
[Date "2012.08.12"]
[Round "4"]
[White "Schippan, Bernhard"]
[Black "Liebscher, Helmar"]
[Result "0-1"]
[WhiteElo "2288"]
[BlackElo "2096"]
[PlyCount "84"]
[EventDate "2012.08.09"]
[EventType "swiss"]
[EventRounds "9"]
[EventCountry "GER"]
[SourceTitle "EXT 2014"]
[Source "ChessBase"]
[SourceDate "2013.11.20"]
[SourceVersion "1"]
[SourceVersionDate "2013.11.20"]
[SourceQuality "1"]

1. e4 e5 2. Nc3 Nc6 3. g3 h5 4. h3 d6 5. Bg2 f5 6. d3 h4 7. Nf3 hxg3 8. fxg3 Nf6 9. exf5 Bxf5 10. g4 Be6 11. Bg5 Qd7 12. Qe2 0-0-0 13. 0-0-0 Re8 14. Rhe1 Bf7 15. Qf2 Kb8 16. d4 e4 17. Ng1 d5 18. Bxf6 gxf6 19. Qxf6 Be7 20. Qf4 Bb4 21. Nge2 Ref8 22. Qg3 a6 23. Rf1 b5 24. Rf5 Bd6 25. Qf2 b4 26. Na4 Be6 27. Qe1 Qe7 28. Kb1 Bd7 29. b3 Rf7 30. Qg1 Nd8 31. Nc5 Bb5 32. Qe3 Bxc5 33. dxc5 Bxe2 34. Qxe2 Qxc5 35. Bxe4 Re7 36. Qxa6 Rxe4 37. Qd3 c6 38. g5 Ne6 39. Qg3+ Kb7 40. Rdf1 Qc3 41. Rf7+ Ka6 42. Qxc3 bxc3 0-1

[Event "GER-ch Seniors"]
[Site "Dresden"]
[Date "2012.08.09"]
[Round "1"]
[White "Plewka, Manfred"]
[Black "Schippan, Bernhard"]
[Result "0-1"]
[WhiteElo "1962"]
[BlackElo "2288"]
[PlyCount "81"]
[EventDate "2012.08.09"]
[EventType "swiss"]
[EventRounds "9"]
[EventCountry "GER"]
[SourceTitle "EXT 2014"]
[Source "ChessBase"]
[SourceDate "2013.11.20"]
[SourceVersion "1"]
[SourceVersionDate "2013.11.20"]
[SourceQuality "1"]

1. e4 c5 2. Nf3 Nc6 3. d4 cxd4 4. Nxd4 e5 5. Nb5 d6 6. N5c3 Be7 7. Nd5 Nf6 8. Nbc3 0-0 9. Nxe7+ Nxe7 10. Bg5 Be6 11. Bxf6 gxf6 12. Qd2 Qb6 13. 0-0-0 Rfd8 14. f4 d5 15. exd5 Nxd5 16. Nxd5 Rxd5 17. Qc3 Rxd1+ 18. Kxd1 e4 19. Bc4 Qd6+ 20. Ke1 Bxc4 21. Qxc4 Rd8 22. Qe2 Qxf4 23. Rf1 Qe5 24. c3 Qg5 25. g3 Rd3 26. Rf4 f5 27. Kf2 Qd8 28. Ke1 Qb6 29. Kf1 Qd6 30. Ke1 Qc5 31. Kf1 Qd5 32. Qh5 Rd2 33. Qg5+ Kf8 34. Qxf5 Qxf5 35. Rxf5 Rxb2 36. Rf2 Rxf2+ 37. Kxf2 f5 38. Ke3 Kf7 39. g4 Kf6 40. h4 fxg4 41. Kxe4 0-1

[Event "NRW Class2 1112"]
[Site "Germany"]
[Date "2012.03.04"]
[Round "7.3"]
[White "Wolf, Andre"]
[Black "Schippan, Bernhard"]
[Result "1/2-1/2"]
[WhiteElo "2123"]
[BlackElo "2218"]
[PlyCount "33"]
[EventDate "2011.09.18"]
[EventType "team-tourn"]
[EventRounds "9"]
[EventCountry "GER"]
[SourceTitle "EXT 2015"]
[Source "ChessBase"]
[SourceDate "2014.11.20"]
[SourceVersion "1"]
[SourceVersionDate "2014.11.20"]
[SourceQuality "1"]
[WhiteTeam "Herford"]
[BlackTeam "Herne Sodingen"]
[WhiteTeamCountry "GER"]
[BlackTeamCountry "GER"]

1. e4 e5 2. Nc3 Nf6 3. g3 d5 4. exd5 Nxd5 5. Bg2 Nxc3 6. bxc3 Nc6 7. Nf3 Bc5 8. 0-0 0-0 9. d3 h6 10. Be3 Bb6 11. Nd2 Be6 12. c4 Qe7 13. Rb1 Rab8 14. Qh5 f6 15. Qg6 Bxe3 16. fxe3 f5 17. Qxe6+ 1/2-1/2

[Event "NRW Class2 1112"]
[Site "Germany"]
[Date "2011.10.09"]
[Round "2.3"]
[White "Schippan, Bernhard"]
[Black "Haskelman, Evgen"]
[Result "1-0"]
[WhiteElo "2218"]
[BlackElo "2201"]
[PlyCount "78"]
[EventDate "2011.09.18"]
[EventType "team-tourn"]
[EventRounds "9"]
[EventCountry "GER"]
[SourceTitle "EXT 2015"]
[Source "ChessBase"]
[SourceDate "2014.11.20"]
[SourceVersion "1"]
[SourceVersionDate "2014.11.20"]
[SourceQuality "1"]
[WhiteTeam "Herne Sodingen"]
[BlackTeam "Koeln Ford SF"]
[WhiteTeamCountry "GER"]
[BlackTeamCountry "GER"]

1. e4 d5 2. exd5 Nf6 3. Bb5+ Bd7 4. Be2 Nxd5 5. d4 Bf5 6. Nf3 e6 7. 0-0 Be7 8. a3 0-0 9. c4 Nb6 10. Nc3 Bf6 11. Be3 Nc6 12. h3 Qd7 13. b4 Rad8 14. Ra2 Nxd4 15. Nxd4 Bxd4 16. Rd2 e5 17. Nb5 Be6 18. Nxd4 exd4 19. Rxd4 Qe7 20. Qc2 Rxd4 21. Bxd4 Rd8 22. Be3 Qh4 23. Rc1 h6 24. a4 a6 25. a5 Nd7 26. Rd1 Ne5 27. Rxd8+ Qxd8 28. Qe4 Nc6 29. Bd3 g6 30. g4 Nxb4 31. Bf1 Nc6 32. Bxh6 Qd4 33. Qxd4 Nxd4 34. Bf4 c6 35. Bd3 c5 36. Bc7 Nb3 37. Bb6 Nd2 38. Bxc5 Bxc4 39. Bc2 Nf3+ 1-0

[Event "GER-chT Seniors 20th"]
[Site "Gladenbach"]
[Date "2011.09.11"]
[Round "1.4"]
[White "Funk, Paul"]
[Black "Schippan, Bernhard"]
[Result "0-1"]
[WhiteElo "1935"]
[BlackElo "2197"]
[PlyCount "70"]
[EventDate "2011.09.11"]
[EventType "team-swiss"]
[EventRounds "7"]
[EventCountry "GER"]
[SourceTitle "CBM 144 Extra"]
[Source "ChessBase"]
[SourceDate "2011.10.28"]
[SourceVersion "1"]
[SourceVersionDate "2011.10.28"]
[SourceQuality "1"]
[WhiteTeam "Baden II"]
[BlackTeam "NRW"]
[WhiteTeamCountry "GER"]
[BlackTeamCountry "GER"]

1. d4 Nf6 2. Nf3 g6 3. c4 Bg7 4. Nc3 0-0 5. e4 d6 6. h3 e5 7. dxe5 dxe5 8. Qxd8 Rxd8 9. Bg5 Re8 10. Be2 c6 11. 0-0-0 h6 12. Be3 Nbd7 13. Rhe1 Bf8 14. Nd2 Nc5 15. Kc2 a5 16. b3 Kg7 17. Ra1 Bd7 18. Reb1 Be6 19. Rf1 Nfd7 20. f4 exf4 21. Bxf4 f6 22. g4 Bf7 23. h4 Ne6 24. Be3 Bc5 25. Bxc5 Ndxc5 26. Rf2 Nd4+ 27. Kb2 Be6 28. Rg1 Rad8 29. Nf1 Bc8 30. g5 fxg5 31. hxg5 h5 32. Rg3 Rf8 33. Rxf8 Rxf8 34. Nd2 Rf2 35. Re3 Bg4 0-1

[Event "Niedersachsen-ch Seniors op 14th"]
[Site "Bad Bevensen"]
[Date "2011.07.08"]
[Round "4"]
[White "Detert, Heinz"]
[Black "Schippan, Bernhard"]
[Result "0-1"]
[WhiteElo "1810"]
[BlackElo "2212"]
[PlyCount "34"]
[EventDate "2011.07.05"]
[EventType "swiss"]
[EventRounds "9"]
[EventCountry "GER"]
[SourceTitle "EXT 2012"]
[Source "ChessBase"]
[SourceDate "2011.11.24"]
[SourceVersion "1"]
[SourceVersionDate "2011.11.24"]
[SourceQuality "1"]

1. d4 Nf6 2. Nf3 g6 3. Nbd2 Bg7 4. e4 d6 5. Bc4 0-0 6. 0-0 Nc6 7. a3 e5 8. Re1 Nh5 9. Nb3 Bg4 10. Be3 Qf6 11. Be2 Nf4 12. Bxf4 Qxf4 13. d5 Ne7 14. Nfd2 Bd7 15. c4 b6 16. Bf1 f5 17. Nc1 a5 0-1

[Event "Ruhrgebiet-ch Seniors 18th"]
[Site "Essen"]
[Date "2011.04.11"]
[Round "7"]
[White "Schippan, Bernhard"]
[Black "Khasin, Abram Iosifovich"]
[Result "1-0"]
[WhiteElo "2237"]
[BlackElo "2169"]
[PlyCount "75"]
[EventDate "2011.03.28"]
[EventType "swiss"]
[EventRounds "9"]
[EventCountry "GER"]
[SourceTitle "EXT 2012"]
[Source "ChessBase"]
[SourceDate "2011.11.24"]
[SourceVersion "1"]
[SourceVersionDate "2011.11.24"]
[SourceQuality "1"]

1. e4 e6 2. d4 d5 3. Nc3 Bb4 4. e5 c5 5. a3 Bxc3+ 6. bxc3 Nc6 7. Qg4 g6 8. Nf3 Qa5 9. Bd2 Qa4 10. Kd1 Bd7 11. Qf4 c4 12. Ng5 Nd8 13. h4 h6 14. Nh3 h5 15. Ng5 Rc8 16. Rh3 Rc7 17. Rf3 Bc8 18. g3 Re7 19. Nh3 Kd7 20. Qg5 Kc7 21. Nf4 Bd7 22. Bh3 Be8 23. g4 f6 24. exf6 Nf7 25. Nxd5+ exd5 26. Qf4+ Nd6 27. fxe7 hxg4 28. Qxg4 Nxe7 29. Qe6 Nec8 30. Qf6 Rh7 31. Bg5 Rd7 32. Bxd7 Qxd7 33. Kc1 Ne4 34. Bf4+ Ncd6 35. Qe5 Kc6 36. Re3 Nf5 37. Rxe4 dxe4 38. Qc5# 1-0

[Event "Ruhrgebiet-ch Seniors 18th"]
[Site "Essen"]
[Date "2011.04.06"]
[Round "6"]
[White "Szymaniak, Horst"]
[Black "Schippan, Bernhard"]
[Result "0-1"]
[WhiteElo "1934"]
[BlackElo "2237"]
[PlyCount "84"]
[EventDate "2011.03.28"]
[EventType "swiss"]
[EventRounds "9"]
[EventCountry "GER"]
[SourceTitle "EXT 2012"]
[Source "ChessBase"]
[SourceDate "2011.11.24"]
[SourceVersion "1"]
[SourceVersionDate "2011.11.24"]
[SourceQuality "1"]

1. e4 c5 2. Bc4 Nc6 3. Nf3 d6 4. d3 Nf6 5. h3 g6 6. c3 Bg7 7. 0-0 0-0 8. Be3 b6 9. Nbd2 Bb7 10. Re1 Na5 11. Bb5 a6 12. Ba4 b5 13. Bc2 Rc8 14. Rc1 e6 15. Bb1 Qd7 16. Qe2 Rfe8 17. d4 cxd4 18. cxd4 Rxc1 19. Rxc1 Rc8 20. Qf1 h6 21. b4 Nc6 22. a3 Ne7 23. Rxc8+ Qxc8 24. e5 dxe5 25. dxe5 Nd7 26. Bd4 Nc6 27. Bb2 Ncxe5 28. Nxe5 Bxe5 29. Bxe5 Nxe5 30. Be4 Bxe4 31. Nxe4 Qc6 32. Nc5 Nd7 33. Qc1 Nxc5 34. bxc5 h5 35. Qg5 Kg7 36. Qe7 a5 37. g4 hxg4 38. hxg4 Qe4 39. Kh2 Qe5+ 40. Kg2 Qe4+ 41. Kg3 Qe5+ 42. f4 Qe3+ 0-1

[Event "Ruhrgebiet-ch Seniors 18th"]
[Site "Essen"]
[Date "2011.03.30"]
[Round "3"]
[White "Schippan, Bernhard"]
[Black "Krueger, Erich"]
[Result "0-1"]
[WhiteElo "2237"]
[BlackElo "2123"]
[PlyCount "50"]
[EventDate "2011.03.28"]
[EventType "swiss"]
[EventRounds "9"]
[EventCountry "GER"]
[SourceTitle "EXT 2012"]
[Source "ChessBase"]
[SourceDate "2011.11.24"]
[SourceVersion "1"]
[SourceVersionDate "2011.11.24"]
[SourceQuality "1"]

1. e4 c6 2. d4 d5 3. e5 Bf5 4. Nf3 e6 5. Be2 c5 6. Be3 Nd7 7. Nc3 a6 8. a4 Ne7 9. Nh4 cxd4 10. Bxd4 Be4 11. f3 Bg6 12. f4 Nc6 13. Bf2 Bc5 14. Bxc5 Nxc5 15. Nxg6 hxg6 16. Bf3 Qb6 17. Ra2 Qb4 18. g3 d4 19. Bxc6+ bxc6 20. Qf3 Rc8 21. 0-0 dxc3 22. bxc3 Qc4 23. Rb2 Nxa4 24. Rb3 0-0 25. Rfb1 Qd5 0-1

[Event "NRW Class2 1011"]
[Site "Germany"]
[Date "2011.01.09"]
[Round "5.3"]
[White "Schippan, Bernhard"]
[Black "Bruemmer, Frank"]
[Result "1/2-1/2"]
[WhiteElo "2310"]
[BlackElo "2253"]
[PlyCount "44"]
[EventDate "2010.09.26"]
[EventType "team-tourn"]
[EventRounds "9"]
[EventCountry "GER"]
[SourceTitle "EXT 2012"]
[Source "ChessBase"]
[SourceDate "2011.11.24"]
[SourceVersion "1"]
[SourceVersionDate "2011.11.24"]
[SourceQuality "1"]
[WhiteTeam "Herne Sodingen"]
[BlackTeam "Rheine Klein Berlin"]
[WhiteTeamCountry "GER"]
[BlackTeamCountry "GER"]

1. e4 e6 2. d4 d5 3. Nc3 Nf6 4. e5 Nfd7 5. Nce2 c5 6. c3 Nc6 7. f4 cxd4 8. Nxd4 Nxd4 9. cxd4 f5 10. Nf3 Be7 11. Be2 Nb6 12. b3 a5 13. a4 Nd7 14. 0-0 Nb8 15. Be3 0-0 16. Ne1 Nc6 17. g4 Bd7 18. gxf5 exf5 19. Bf3 Be6 20. Nd3 b6 21. Rc1 Rc8 22. Rf2 Qd7 1/2-1/2

[Event "NRW Class2 1011"]
[Site "Germany"]
[Date "2010.10.24"]
[Round "2.2"]
[White "Chilla, Jan Eric"]
[Black "Schippan, Bernhard"]
[Result "0-1"]
[WhiteElo "2143"]
[BlackElo "2310"]
[PlyCount "78"]
[EventDate "2010.09.26"]
[EventType "team-tourn"]
[EventRounds "9"]
[EventCountry "GER"]
[SourceTitle "EXT 2012"]
[Source "ChessBase"]
[SourceDate "2011.11.24"]
[SourceVersion "1"]
[SourceVersionDate "2011.11.24"]
[SourceQuality "1"]
[WhiteTeam "Muenster II"]
[BlackTeam "Herne Sodingen"]
[WhiteTeamCountry "GER"]
[BlackTeamCountry "GER"]

1. e4 c5 2. Nf3 Nc6 3. Bb5 e6 4. Bxc6 bxc6 5. d3 Ne7 6. 0-0 Ng6 7. Qe2 d6 8. Nc3 Be7 9. g3 e5 10. Ne1 Bh3 11. Ng2 0-0 12. f4 exf4 13. Bxf4 Bf6 14. Rf2 Rb8 15. Nd1 Bxg2 16. Kxg2 Bxb2 17. Nxb2 Rxb2 18. Be3 Qe7 19. h4 h6 20. a4 Qe6 21. Raf1 Ne5 22. Rf5 Qa2 23. R1f2 c4 24. dxc4 Qxc4 25. Qxc4 Nxc4 26. Kf3 Ne5+ 27. Kf4 Rb4 28. Bxa7 Rxa4 29. Be3 Re8 30. g4 Ng6+ 31. Kg3 Rexe4 32. Bf4 Rxf4 33. R5xf4 Nxf4 34. Rxf4 Rxf4 35. Kxf4 Kf8 36. Kf5 Ke7 37. h5 Kd7 38. c4 Ke7 39. Kf4 Kf6 0-1

[Event "GER-chT Seniors 19th"]
[Site "Eckernfoerde"]
[Date "2010.09.18"]
[Round "6.4"]
[White "Schippan, Bernhard"]
[Black "Haubt, Georg"]
[Result "1-0"]
[WhiteElo "2222"]
[BlackElo "2131"]
[PlyCount "103"]
[EventDate "2010.09.13"]
[EventType "team-swiss"]
[EventRounds "7"]
[EventCountry "GER"]
[SourceTitle "EXT 2011"]
[Source "ChessBase"]
[SourceDate "2010.11.26"]
[SourceVersion "1"]
[SourceVersionDate "2010.11.26"]
[SourceQuality "1"]
[WhiteTeam "NRW"]
[BlackTeam "Hessen"]
[WhiteTeamCountry "GER"]
[BlackTeamCountry "GER"]

1. e4 d5 2. exd5 Qxd5 3. Nc3 Qd6 4. d4 Nf6 5. Nf3 a6 6. g3 Bg4 7. Bg2 Nc6 8. h3 Bh5 9. Bf4 Qb4 10. Bxc7 Qxb2 11. Na4 Qb4+ 12. c3 Qc4 13. Nb6 Qxc3+ 14. Kf1 Rd8 15. Bxd8 Nxd8 16. g4 Qa5 17. Qb3 Bg6 18. Ne5 Be4 19. Nec4 Qb5 20. Qxb5+ axb5 21. Ne5 e6 22. Rc1 Bd6 23. Bxe4 Nxe4 24. Rc8 Ke7 25. Kg2 f6 26. Nd3 Re8 27. f3 Ng5 28. Rb1 Nc6 29. d5 Nd4 30. f4 Ne4 31. dxe6 Rxc8 32. Nxc8+ Kxe6 33. Re1 f5 34. gxf5+ Kxf5 35. Nxd6+ Nxd6 36. Re5+ Kf6 37. Nc5 N4f5 38. Ne4+ Nxe4 39. Rxe4 Nd6 40. Re5 h6 41. h4 b4 42. Kf3 g6 43. h5 g5 44. Rd5 Nf5 45. Rd7 b5 46. Rb7 Nd4+ 47. Ke4 Ne2 48. Rb6+ Kf7 49. fxg5 hxg5 50. Kf5 g4 51. Rb7+ Kg8 52. Kxg4 1-0

[Event "GER-ch Seniors 22nd"]
[Site "Berlin"]
[Date "2010.08.24"]
[Round "9"]
[White "Schippan, Bernhard"]
[Black "Lieb, Harald"]
[Result "1/2-1/2"]
[WhiteElo "2195"]
[BlackElo "2153"]
[PlyCount "53"]
[EventDate "2010.08.16"]
[EventType "swiss"]
[EventRounds "9"]
[EventCountry "GER"]
[SourceTitle "CBM 138 Extra"]
[Source "ChessBase"]
[SourceDate "2010.10.29"]
[SourceVersion "1"]
[SourceVersionDate "2010.10.29"]
[SourceQuality "1"]

1. e4 e6 2. d3 d5 3. Nd2 Nf6 4. Ngf3 Bc5 5. Be2 Nc6 6. 0-0 0-0 7. c3 dxe4 8. dxe4 a5 9. e5 Nd7 10. Ne4 Be7 11. Bf4 h6 12. h3 Nc5 13. Qc2 Bd7 14. Rfd1 Qc8 15. Nxc5 Bxc5 16. Qe4 Ne7 17. Nd4 Ng6 18. Bg3 Bxd4 19. Rxd4 Bc6 20. Qg4 Rd8 21. Rad1 Rxd4 22. Rxd4 Ne7 23. Bh4 Qf8 24. Bd3 Rd8 25. Rxd8 Qxd8 26. Bf6 Qf8 27. Be4 1/2-1/2